[Event "EU-Cup 27th"]
[Site "Rogaska Slatina"]
[Date "2011.09.28"]
[Round "4"]
[White "Pelletier, Yannick"]
[Black "Beliavsky, Alexander G"]
[Result "1/2-1/2"]
[WhiteElo "2584"]
[BlackElo "2616"]
[Annotator "Pelletier,Y"]
[PlyCount "117"]
[EventDate "2011.09.25"]
[EventType "team-swiss"]
[EventRounds "7"]
[EventCountry "SLO"]
[SourceTitle "CBM 145"]
[Source "ChessBase"]
[SourceDate "2011.11.11"]
[SourceVersion "1"]
[SourceVersionDate "2011.11.11"]
[SourceQuality "1"]
[WhiteTeam "Zuerich"]
[BlackTeam "Ptuj"]
[WhiteTeamCountry "SUI"]
[BlackTeamCountry "SLO"]

1. d4 Nf6 2. c4 e6 3. g3 d5 4. Bg2 Be7 5. Nf3 O-O 6. O-O dxc4 7. Qc2 a6 8. a4
Bd7 9. Qxc4 Bc6 10. Bf4 a5 11. Nc3 Na6 12. Rac1 {Obwohl dieser Zug seit einer
Weile populär ist, überraschte er meinen Gegner, der hier fast eine halbe
Stunde überlag.} Nb4 13. Ne5 Bxg2 14. Kxg2 Nh5 $6 {Diese Neuerung wird als
keine Verbesserung der schwarzen Spielweise verbleiben.} 15. Bd2 Nf6 16. Rfd1
c6 17. e4 Nd7 18. Nf3 {Weiß besitzt mehr Raum und vermeidet daher
Figurenabtäusche.} ({Die Alternative} 18. Bf4 Nxe5 19. dxe5 {erlaubt nach} Qc8
$1 20. Be3 Qc7 21. f4 Rad8 22. Nb5 Qb8 {keinen Zugang nach d6.}) 18... Qb6 19.
Be3 {Obwohl Schwarz mit seinen Springermannövern Zeit verloren hat, ist seine
Stellung gar nicht kritisch. Hier fand ich nichts Besseres als die folgende
Abwicklung.} Qa6 20. Qxa6 Rxa6 21. d5 $1 {Weiß sichert sich somit einen
leichten Vorteil, wobei er sich vermutlich nichts mehr erhoffen darf.} cxd5 22.
exd5 Nf6 ({Schwächer ist} 22... exd5 $2 23. Nxd5 Nxd5 24. Rxd5 $16 {[%cal
Gc1c7]} Nb6 $140 25. Rb5 Nxa4 26. Ra1 $18) 23. dxe6 fxe6 {[%csl Gd5] Beliavsky
nimmt eine stukturelle Schwäche in Kauf, um das starke zentrale Feld d5 für
einen Springer zu sichern.} ({Im Fall von} 23... Rxe6 24. Nd4 {hätte er auch
nicht ausgeglichen:} Re5 25. Bf4 Rc5 26. Nb3 Rf5 27. Be3 $14 {Die schwarzen
Kräfte harmonieren nicht gut.}) 24. Nb5 Nbd5 25. Bd4 Rc6 26. Ne5 {Nach dem
Turmtausch auf c6 hätte der schöne Nb5 wieder gehen müssen.} Rxc1 27. Rxc1 Rd8
28. b3 ({Etwas genauer war} 28. Re1 Rc8 29. b3) 28... Ne4 (28... Nd7 29. Nc4
$14) 29. Rc2 $6 {Diese weitere Ungenauigkeit bleibt unbestraft.} ({Um einen
kleinen Vorteil zu behalten, musste} 29. Nc4 Bb4 30. Rc2 $14 {geschehen.})
29... Bb4 $6 ({Die beste Verteidigung bestand hier in} 29... Nd6 $1 {, um den
starken Nb5 zu beseitigen. Der Springertausch löst den größten Teil der
schwarzen Probleme:} 30. Nxd6 Bxd6 31. Nc4 Bb4 32. Re2 Kf7 {und der
Nachziehende hat beinahe ausgeglichen.}) 30. Nc4 Kf7 31. Re2 Nec3 32. Nxc3 Nxc3
33. Bb6 Rd1 $2 $138 ({Mein letzter Zug erstaunte meinen Gegner so, dass er ca
8 seiner restlichen 10 Minuten verbrachte, und einen Fehler trotzdem beging.
Zwar ist hier} 33... Rd5 $2 {wegen} 34. Re5 {auch ungenügend}) ({aber das
passive} 33... Ra8 $14 {hätte den Bauern auf vernünftige Art und Weise
gerettet.}) 34. Re3 $6 {Dieser rasch ausgeführte Zug zeigt schlechte Technik.
Der Turm wird nämlich auf f3 ein ungemütliches Feld besetzen.} ({Richtig war} 
34. Re5 Nd5 35. Bxa5 Bxa5 36. Nxa5 b6 37. Nc6 Kf6 38. Re4 $16) 34... Nd5 35.
Rf3+ Ke8 $6 ({Der natürliche} 35... Ke7 {ist genauer.} 36. Bxa5 Bxa5 37. Nxa5
g5 $1 38. h3 h5 39. g4 (39. b4 b6 40. Nc6+ Kd6 $11) 39... hxg4 40. hxg4 Nf4+
41. Kh2 {Der starke Nf4 zwingt den gegnerischen König zur Passivität. Es ist
daher schwer, sich vorzustellen, dass Weiß seinen Mehrbauern verwerten kann.})
36. Bxa5 Bxa5 37. Nxa5 b6 ({Auch hier war} 37... g5 38. h3 h5 {möglich, aber
Weiß hat jetzt die folgende Alternative zu g3-g4:} 39. b4 $5 b6 (39... Ra1 40.
Nxb7 Nxb4 41. Rc3) 40. Nc6 $14) 38. Nc4 Ke7 39. h4 h6 40. Ne5 (40. h5 Rb1 41.
Rd3 Kf6 42. f4 $14) 40... Kd6 41. Ng6 (41. Rd3 Rb1 (41... Rxd3 42. Nxd3 Nc3 43.
Kf3 Kd5 44. Ke3 $16) 42. f4 $14) 41... Rb1 42. h5 ({Mit dem Textzug wollte ich
ein Tempo gegenüber der folgenden Variante gewinnen.} 42. Rf7 Rxb3 43. Rxg7 Ra3
44. Rh7 $6 ({besser ist} 44. Ra7 Ra2 45. h5 Nf6 46. Rf7 Ng4 47. Rf4 Ne3+ 48.
Kg1 $14 {, obwohl es auch hier nicht einfach wird, zu gewinnen.}) 44... Rxa4
45. Rxh6 b5 46. Rh8 b4 47. h5 b3 48. h6 b2 49. Rb8 Rb4 50. Rxb4 Nxb4 51. h7
b1=Q 52. h8=Q Qe4+ 53. Kh2 Nd3 $11 {Die beiden zentralisierten Figuren
kompensieren den weißen Mehrbauern.}) 42... Nf6 ({Mittels} 42... e5 $5 {
hätte Schwarz genug Gegenspiel erhalten, man sehe} 43. Rf7 (43. Rd3 Ke6) 43...
e4 44. Rxg7 (44. Nf4 e3 $1) 44... e3 45. fxe3 Nxe3+ 46. Kf2 Ng4+ 47. Kf3 Nf6
48. Nf4 Rxb3+ 49. Kg2 Ke5 $132) 43. Rd3+ Nd5 (43... Kc6 $6 44. Ne5+ Kc7 45.
Rc3+ $16) 44. Rf3 ({Technisch gesehen war} 44. f4 $5 {ein besserer Versuch.
Aber angesichts der schwarzen Aktivität nach} Rb2+ (44... Kc5 45. Ne5 Rb2+ 46.
Kf3) 45. Kf3 (45. Kh3 Rb1 46. g4 Kc5) 45... Rh2 46. g4 Rh3+ 47. Ke4 Rh1 {
sah ich kein Mittel, um weiterzukommen.}) 44... Nf6 45. Nf4 e5 46. Rd3+ Kc6 47.
Rc3+ Kd6 48. Rd3+ Kc6 49. Ng6 $6 ({Die letzte Chance war noch} 49. Ne6 Nxh5 50.
Nd8+ $1 Kc5 51. Nb7+ Kc6 (51... Kb4 52. Rd6 b5 53. axb5 Kxb5 54. Re6 Rxb3 55.
Rxe5+ Kb6 56. Nd6 Nf6 57. Nf5 $16) 52. Nd6 $14 {[%cal Gd6c4]}) 49... e4 50.
Rc3+ (50. Ne7+ Kc5 51. Rc3+ Kb4 52. Rc6 Rxb3 53. Nf5 Nxh5 54. Rxb6+ Kxa4 55.
Re6 $11) 50... Kd6 51. Nh4 (51. Nf4 Rb2) 51... Ke5 (51... Nxh5 52. Nf5+ Ke5 53.
Ne3 Nf6 $11) 52. Rc7 Nxh5 53. a5 (53. Re7+ Kd5 $11) 53... Rxb3 54. Re7+ (54.
axb6 g5 $11) (54. Rb7 Rb2 $11) 54... Kd5 55. Ng6 (55. a6 Ra3 56. a7 Ra2 57. Nf5
b5) 55... Nf6 ({Sogar} 55... bxa5 56. Re5+ Kd4 57. Rxh5 a4 58. Ra5 a3 $11 {
hätte gereicht!}) 56. axb6 Rxb6 57. Nf4+ (57. Rxg7 Kd4) 57... Kd4 58. Rxg7 Rb2
59. Rg6 1/2-1/2

[Event "EU-Cup 28th"]
[Site "Eilat"]
[Date "2012.10.17"]
[Round "7.2"]
[White "Rodshtein, Maxim"]
[Black "Pelletier, Yannick"]
[Result "1/2-1/2"]
[WhiteElo "2616"]
[BlackElo "2601"]
[Annotator "Pelletier,Y"]
[PlyCount "66"]
[EventDate "2012.10.11"]
[EventType "team-swiss"]
[EventRounds "7"]
[EventCountry "ISR"]
[SourceTitle "CBM 151"]
[Source "ChessBase"]
[SourceDate "2012.11.13"]
[SourceVersion "1"]
[SourceVersionDate "2012.11.13"]
[SourceQuality "1"]
[WhiteTeam "Beer Sheva"]
[BlackTeam "Zuerich SG"]
[WhiteTeamCountry "ISR"]
[BlackTeamCountry "SUI"]

1. d4 Nf6 2. c4 e6 3. Nf3 d5 4. g3 Be7 5. Bg2 O-O 6. O-O dxc4 7. Qc2 a6 8. Qxc4
b5 9. Qc2 Bb7 10. Bd2 Be4 11. Qc1 c5 {Dieser Zug wurde vor langer Zeit nur
einmal zwischen Amateuren gespielt und kann also als Neuerung bezeichnet
werden. Mein guter Freund Julen Arizmendi hat mich vor ca. einem Jahr auf ihn
aufmerksam gemacht. Er habe ihn von seinem spanischen GM-Kollegen Salvador Del
Rio, der bekanntlich viele originelle Ideen hat, mal gehört. Schwarz opfert
vorläufig einen Bauern, indem er diesen thematischen Vorstoß ohne Vorbereitung
ausführt, um seine Entwicklung schnell zu beenden. In dieser Stammpartie
gelang es Weiß nicht, Probleme zu stellen. Aber es gibt einige kritische
Varianten, wo Schwarz sehr genau spielen muss. Viel mehr werde ich natürlich
nicht enthüllen! Fleißige Leute werden selbst einige interessante Sachen
finden!} 12. dxc5 Nbd7 13. b4 (13. c6 $6 Rc8 $36 {geht nicht gut, während}) (
13. Be3 Nd5 {für Schwarz auch in Ordnung ist.}) 13... a5 14. Rd1 ({Danach ist
das schwarze Spiel leicht zu führen. Die kritischen Züge sind} 14. Nc3) ({und} 
14. bxa5) 14... axb4 15. Bxb4 Rc8 16. Nc3 Bxf3 17. Bxf3 Bxc5 18. Qb2 {Weiß
hatte sich wohl damit erhofft, gegen b5 drücken zu können. Würde dies gelingen,
erwiese sich der weißfeldrige Läufer als die beste Leichtfigur auf dem Brett.
Aber Schwarz schafft es rechtzeitig Gegenspiel zu erhalten.} (18. Bxc5 Rxc5 19.
Qd2 Qa5 $11) 18... Bxb4 19. Qxb4 Rc4 $1 20. Qb2 Qa5 21. Ne4 ({Da} 21. Nxb5 $2 {
wegen} Rb4 {nicht geht, muss Weiß ins Remis einwilligen.}) 21... Nxe4 22. Bxe4
(22. Rxd7 Nc3 $132) 22... Rxe4 23. Rxd7 Ra4 24. Qe5 (24. Rb7 b4 $11) 24... Rxa2
25. Rxa2 Qxa2 26. Qxb5 h6 27. Qd3 Rb8 28. Rd8+ Rxd8 29. Qxd8+ Kh7 30. Qd3+ Kg8
31. Qd8+ Kh7 32. Qd3+ Kg8 33. Qd8+ Kh7 1/2-1/2

[Event "Riga FIDE GP"]
[Site "Riga"]
[Date "2019.07.18"]
[Round "3.1"]
[White "Mamedyarov, Shakhriyar"]
[Black "So, Wesley"]
[Result "1-0"]
[WhiteElo "2765"]
[BlackElo "2763"]
[Annotator "Pelletier,Y"]
[PlyCount "67"]
[EventDate "2019.07.12"]
[EventType "k.o."]
[EventRounds "4"]
[EventCountry "LAT"]
[SourceTitle "CBM 191 Extra"]
[Source "ChessBase"]
[SourceDate "2019.09.30"]
[SourceVersion "1"]
[SourceVersionDate "2019.09.30"]
[SourceQuality "1"]

1. d4 Nf6 2. c4 e6 3. Nf3 d5 4. g3 Be7 5. Bg2 O-O 6. O-O dxc4 7. Ne5 {This
classical line is so solide that both camps (yes, even Black!) have tried to
spice things up with different original moves. The text is obviously not new
and can lead to a position with original pawn structures.} Nc6 8. Nxc6 (8. Bxc6
bxc6 9. Nxc6 Qe8 10. Nxe7+ Qxe7 11. Qa4 {has been favoured in the past decade,
but keeping the Catalan bishop makes a lot of sense too.}) 8... bxc6 9. Na3 {
This maximalist approach forcesBlack to make a concession.} Bxa3 (9... Nd5 10.
Nxc4 c5 11. dxc5 Bxc5 12. b3 $14 {obviously gives White a pleasant edge.}) 10.
bxa3 Ba6 ({Another reliable line is} 10... Nd5 11. Qa4 Nb6 12. Qa5 Qxd4 13. Be3
Qf6 {, for instance} 14. Bc5 Rd8 15. Bxc6 Rb8 16. Qxa7 Bd7 17. Bxb6 Bxc6 18.
Bxc7 Rb7 19. Bxd8 Qxa1 20. Qxb7 Qxf1+ 21. Kxf1 Bxb7 {should end in a draw}) 11.
Qd2 Rb8 (11... c3 {is not enough for equality:} 12. Qxc3 Bxe2 13. Re1 Bb5 14.
a4 Bxa4 15. Qb4 Bb5 16. a4 $14) 12. Qa5 Rb6 (12... Qc8 13. a4 Rd8 14. Ba3 Rxd4
15. Rfb1 Rb6 16. Bc5 {is unpleasant}) 13. a4 Qd6 (13... Qc8 14. Ba3 Rd8 15. e3
$14) 14. a3 (14. e4 {allows Black to give up the exchange quite advantageously
by} Qb4 15. Qxb4 Rxb4 16. Ba3 Rxa4 17. Bxf8 Kxf8 {Though tripled, Black's
extra pawns give good control, as the only open file can be blocked easily
with Bb5.}) ({No better is} 14. Rd1 Nd5 15. e4 Qb4 16. Qxb4 Nxb4 17. Bf4 Nd3
18. Bxc7 Rb2 $36 {Iturrizaga,E (2650)-Dominguez,L (2739) chess.com 2018. In
these 2 variations, we witness the important defensive ressource Qb4. The idea
of Mamedyarov's novelty becomes clear immediately.}) 14... Rfb8 15. e4 c3 $2 {
In the post-game analysis, Wesley So criticized his previous move, but the
only real mistake came here. He could have held the balance with the
complicated 15...Nxe4.} (15... Qd7 16. Rd1 Qc8 17. Bg5 Nd7 18. Bf4 $14) (15...
Nxe4 $1 16. Bxe4 Qxd4 17. Be3 Qxe4 18. Bxb6 Rxb6 19. Rfe1 Qg6 $1 (19... Qd5 $4
20. Rad1 $1) (19... Qf3 $2 20. Rab1 $18) 20. Qe5 Rb7 {was indicated by
Mamedyarov afterwards.}) 16. e5 Qd8 17. exf6 Bxf1 18. Bxf1 c2 19. Ra2 $18 {
White eliminates the only real danger and remains with a decisive material
advantage.} Qd5 20. Qxd5 cxd5 21. Rxc2 gxf6 22. Rxc7 R8b7 23. Rc5 Kg7 24. Kg2
Rb1 25. Bb5 Ra1 26. Rc3 Rb6 27. Bf4 Rb7 28. Kf3 Rd1 29. Be3 Rb1 30. Kg4 Rh1 31.
h4 Kg6 32. Bd3+ f5+ 33. Kf3 Rd1 34. g4 1-0

[Event "Belgrade GMA op"]
[Site "Belgrade"]
[Date "1988.??.??"]
[Round "?"]
[White "Pigusov, Evgeny"]
[Black "Naumkin, Igor"]
[Result "1-0"]
[WhiteElo "2530"]
[BlackElo "2440"]
[Annotator "Pigusov,E"]
[PlyCount "109"]
[EventDate "1988.12.??"]
[EventType "swiss"]
[EventRounds "9"]
[EventCountry "YUG"]
[SourceTitle "TD"]
[Source "ChessBase"]
[SourceDate "1994.03.01"]
[SourceVersion "1"]
[SourceVersionDate "1994.03.01"]
[SourceQuality "1"]

1. c4 Nf6 2. g3 e6 3. Bg2 d5 4. Nf3 Be7 5. O-O O-O 6. d4 dxc4 7. Ne5 Nc6 8.
Bxc6 bxc6 9. Nxc6 Qe8 10. Qa4 $6 {N} Bd6 $1 (10... Bb4 $11) 11. Qxc4 a5 $1 12.
Ne5 (12. Nc3 Ba6 13. Nb5 (13. Qa4 Nd5 $17) 13... a4 $1 $17) (12. Bg5 Nd5 {
 f5-f4, h5}) 12... c5 13. Nf3 $8 Ba6 14. Qc2 Rc8 $15 15. Nc3 cxd4 16. Nxd4 Be5
$5 (16... Bc5 $1) 17. Rd1 Rc4 $6 (17... Nd5 $15) 18. Nf3 Bxc3 19. bxc3 Qc8 20.
Bb2 Qc5 21. Nd2 $2 (21. Rd4 $11) 21... Ng4 22. Rf1 Qh5 23. h4 Rc6 $2 (23... g5
$1 24. Nxc4 gxh4 25. Nd2 hxg3 26. Nf3 Qh3 $19) 24. c4 $14 Rfc8 25. Rac1 f6 26.
Qe4 Nh6 27. Rfe1 Nf7 28. c5 $1 Rxc5 29. Qxe6 Rxc1 30. Rxc1 Rxc1+ 31. Bxc1 Qxe2
32. Ne4 $1 $16 h6 $8 33. Qe8+ Kh7 34. Nxf6+ Kg6 35. Qxe2 Bxe2 36. Nd5 Bc4 37.
Nc3 Nd6 38. a3 Kf5 39. f3 Nb5 40. Ne4 $5 (40. Nd1 $16) 40... Bd5 41. g4+ (41.
Nd2 Nd4 42. Kf2 Nb3 $11) 41... Ke5 42. Bb2+ Kf4 43. a4 $1 Nc7 (43... Kxf3 44.
Nd2+ Ke2 45. axb5 $18) 44. Kg2 Bxe4 $2 (44... Ne6 $16) 45. Bc1+ Ke5 46. Bb2+
Kf4 47. Bc1+ Ke5 48. fxe4 Kxe4 49. h5 $18 Ne6 50. Kg3 Kd5 51. Bb2 Kd6 52. Bc3
Kd7 53. Bxa5 Nc5 54. Bb6 Nxa4 55. Bd4 1-0

[Event "Rostock-A 15th"]
[Site "Rostock"]
[Date "1989.??.??"]
[Round "8"]
[White "Poldauf, Dirk"]
[Black "Pieniazek, Artur"]
[Result "1/2-1/2"]
[WhiteElo "2375"]
[BlackElo "2345"]
[Annotator "Poldauf,D"]
[PlyCount "69"]
[EventDate "1989.08.19"]
[EventType "tourn"]
[EventRounds "9"]
[EventCountry "DDR"]
[EventCategory "6"]
[SourceTitle "EXT 2002"]
[Source "ChessBase"]
[SourceDate "2001.11.25"]
[SourceVersion "1"]
[SourceVersionDate "2001.11.25"]
[SourceQuality "1"]

1. c4 e6 2. g3 d5 3. Bg2 Nf6 4. Nf3 Be7 5. O-O O-O 6. d4 dxc4 7. Qc2 a6 8. a4
Bd7 9. Qxc4 Bc6 10. Bf4 a5 11. Nc3 Na6 12. Rae1 $5 Bd5 $5 (12... Nb4 13. e4 Nd7
14. Ra1 (14. Re2 $1 Nb6 15. Qb3 Kh8 $14) 14... Bd6 15. Be3 Nc2 $1 16. Bg5 $13 {
Kortchnoi,V-Hjartarson,J/Saint John (m/8) 1988 -45/611}) 13. Qd3 (13. Nxd5 exd5
14. Qb5 Qc8 {/\ c6}) 13... Nb4 14. Qb1 Bb3 {Verhindert 15.e4 wegen Bc2 nebst
Bd3} 15. Rc1 Nbd5 (15... Nfd5) 16. Be5 $1 {Behält den Bauern c7 im Auge und
droht gelegentlich Ng5.} Bd6 $1 {Der einzige Zug, der Schwarz vor
Schwierigkeiten bewahrt. Schlecht wäre z.B.} (16... c6 {wegen} 17. Nd2 Nxc3 18.
bxc3 Bxa4 19. Qxb7) 17. Bxf6 $5 {Weiß läßt sich auf eine ziemlich forcierte
Variante ein, die mit einer schwer einschätzbaren Stellung endet.} gxf6 {
Sonst Materialverlust.} (17... Qxf6 18. e4) (17... Nxf6 18. Nd2) 18. Nd2 Nxc3
19. bxc3 Bxa4 20. Qxb7 Rb8 21. Qa7 $6 {Diese Stellung hatte Weiß auf Grund der
schlechten schwarzen Bauernstruktur als vorteilhaft für sich bewertet. Schwarz
indes versucht einfach, die weiße Dame einzukreisen. Deshalb war} (21. Qf3 {
mit etwas Vorteil vorzuziehen.}) 21... c6 $1 {Es droht jetzt die
Dauerverfolgung der Dame Ra8,Rb8. Da ich aber noch gewinnen wollte, plante ich
ein Damenopfer.} 22. Ra1 Ra8 23. Qb7 Bb5 24. Bxc6 Rb8 25. Qxb5 Rxb5 26. Bxb5 {
Die Abwicklung war berechtigt. Der Bauer a5 ist schwach, und der c-Bauer ist
ein potentieller Trumpf. Allerdings muß Weiß rechtzeitig Maßnahmen am
Königsflügel ergreifen.} Qc7 $1 27. c4 Bb4 28. Nb3 $6 (28. Nf3 $142 f5 29. e3
$1) 28... f5 29. Ra4 $2 {Gefährdet die Königsstellung. Unerläßlich war} (29. e3
{z.B.} h5 30. h4 {nebst Nc1-d3}) 29... f4 30. Rfa1 h5 31. R1a2 {/\ Nxa5} Bc3
32. Rc2 Bb4 33. Rca2 Bc3 34. Rc2 Bb4 35. Rca2 {Schwarz erkannte nicht, daß er
gute Angriffschancen besitzt, z.B.} (35. Rca2 fxg3 36. hxg3 h4) 1/2-1/2